[Event "SLO-chT2 Ost"]
[Site "Slovenia"]
[Date "2010.05.29"]
[Round "1"]
[White "Janzekovic, Klemen Tilen"]
[Black "Lindner, Mihael"]
[Result "1-0"]
[WhiteElo "1897"]
[BlackElo "2076"]
[PlyCount "57"]
[EventDate "2010.05.29"]
[EventType "team-tourn"]
[EventRounds "9"]
[EventCountry "SLO"]
[SourceTitle "EXT 2022"]
[Source "ChessBase"]
[SourceDate "2021.10.06"]
[SourceVersion "1"]
[SourceVersionDate "2021.10.06"]
[SourceQuality "1"]

1. e4 e6 2. d4 c5 3. Nf3 Nf6 4. Nc3 cxd4 5. Nxd4 Bb4 6. Bd3 Nc6 7. Be3 Qa5 8. 0-0 Nxd4 9. Bxd4 e5 10. a3 exd4 11. axb4 Qxb4 12. Nb5 Qc5 13. e5 Ng8 14. Nd6+ Kf8 15. f4 h5 16. Qd2 a5 17. Ra4 Ne7 18. Rc4 Qb6 19. f5 f6 20. Qf4 Rh6 21. Ne4 fxe5 22. Qxe5 d6 23. Qxd4 d5 24. f6 Qxd4+ 25. Rxd4 dxe4 26. Rd8+ Kf7 27. Bc4+ Be6 28. Bxe6+ Kxe6 29. fxe7 1-0

[Event "SLO-chT2 Ost"]
[Site "Maribor"]
[Date "2009.06.06"]
[Round "4"]
[White "Lindner, Mihael"]
[Black "Spalir, Jernej"]
[Result "1/2-1/2"]
[WhiteElo "2087"]
[BlackElo "2035"]
[PlyCount "65"]
[EventDate "2009.05.30"]
[EventType "team-tourn"]
[EventRounds "9"]
[EventCountry "SLO"]
[SourceTitle "EXT 2022"]
[Source "ChessBase"]
[SourceDate "2021.10.06"]
[SourceVersion "1"]
[SourceVersionDate "2021.10.06"]
[SourceQuality "1"]

1. e4 e5 2. Bc4 Nc6 3. Nf3 Bc5 4. c3 Nf6 5. d3 d6 6. 0-0 h6 7. Be3 Bb6 8. Nbd2 Bg4 9. b4 0-0 10. a4 Bxe3 11. fxe3 d5 12. Bb3 dxe4 13. Nxe4 Nxe4 14. dxe4 Qe7 15. Bd5 Nd8 16. Qe1 Bxf3 17. Rxf3 c6 18. Bb3 a5 19. Rd1 Ne6 20. Bc2 Rfd8 21. Rxd8+ Rxd8 22. Rf2 axb4 23. cxb4 c5 24. bxc5 Qxc5 25. Rd2 Rxd2 26. Qxd2 Qc4 27. h3 Nc5 28. Qd1 g6 29. Kh2 Nxe4 30. Bb3 Qc7 31. Qd3 Qc3 32. Bxf7+ Kxf7 33. Qxe4 1/2-1/2

[Event "SLO-chT2 Ost"]
[Site "Maribor"]
[Date "2009.05.30"]
[Round "2"]
[White "Perus, Danilo"]
[Black "Lindner, Mihael"]
[Result "1-0"]
[WhiteElo "2317"]
[BlackElo "2087"]
[PlyCount "49"]
[EventDate "2009.05.30"]
[EventType "team-tourn"]
[EventRounds "9"]
[EventCountry "SLO"]
[SourceTitle "EXT 2022"]
[Source "ChessBase"]
[SourceDate "2021.10.06"]
[SourceVersion "1"]
[SourceVersionDate "2021.10.06"]
[SourceQuality "1"]

1. e4 e6 2. d4 d5 3. Nd2 c5 4. exd5 Qxd5 5. Ngf3 cxd4 6. Bc4 Qc5 7. 0-0 Nc6 8. Qe2 Nf6 9. Nb3 Qb6 10. Rd1 Be7 11. Nbxd4 Nxd4 12. Nxd4 Bd7 13. Be3 Bc5 14. b4 Bxd4 15. Rxd4 Qc6 16. Rad1 a6 17. h3 b5 18. Bb3 h6 19. Rd6 Qe4 20. R1d4 Qb7 21. Bf4 Rd8 22. c4 0-0 23. c5 Qc8 24. Qd2 Rfe8 25. Bxh6 1-0

[Event "SLO-chT2 East"]
[Site "Brezice Maribor"]
[Date "2008.10.18"]
[Round "7"]
[White "Lindner, Mihael"]
[Black "Cojhter, Karl"]
[Result "1/2-1/2"]
[WhiteElo "2084"]
[BlackElo "2095"]
[PlyCount "25"]
[EventDate "2008.10.24"]
[EventType "team-tourn"]
[EventRounds "9"]
[EventCountry "SLO"]
[SourceTitle "EXT 2010"]
[Source "ChessBase"]
[SourceDate "2010.11.25"]
[SourceVersion "1"]
[SourceVersionDate "2010.11.25"]
[SourceQuality "1"]

1. e4 d5 2. e5 c5 3. c4 Nc6 4. f4 d4 5. d3 h5 6. Be2 g6 7. Nd2 Bf5 8. Bf3 Qa5 9. Bxc6+ bxc6 10. Qf3 Rc8 11. Ne2 Bg4 12. Qf2 Bf5 13. Qf3 1/2-1/2

[Event "SLO-chT2 East"]
[Site "Brezice Maribor"]
[Date "2008.09.13"]
[Round "5"]
[White "Lindner, Mihael"]
[Black "Bozic, Marjan"]
[Result "1/2-1/2"]
[WhiteElo "2084"]
[BlackElo "2091"]
[PlyCount "33"]
[EventDate "2008.10.24"]
[EventType "team-tourn"]
[EventRounds "9"]
[EventCountry "SLO"]
[SourceTitle "EXT 2010"]
[Source "ChessBase"]
[SourceDate "2010.11.25"]
[SourceVersion "1"]
[SourceVersionDate "2010.11.25"]
[SourceQuality "1"]

1. e4 c5 2. Nf3 d6 3. Bc4 Nf6 4. e5 dxe5 5. Nxe5 e6 6. Nc3 Nbd7 7. Bb5 Bd6 8. Nxd7 Bxd7 9. Qf3 Qc7 10. Bxd7+ Qxd7 11. Ne4 Be7 12. Nc3 Bd6 13. d3 Be5 14. Be3 Rc8 15. 0-0 0-0 16. Ne4 Nxe4 17. Qxe4 1/2-1/2

[Event "SLO-chT2 East"]
[Site "Brezice Maribor"]
[Date "2007.10.20"]
[Round "7"]
[White "Mitrovic, Boris"]
[Black "Lindner, Mihael"]
[Result "1/2-1/2"]
[WhiteElo "2044"]
[BlackElo "2082"]
[PlyCount "57"]
[EventDate "2007.05.26"]
[EventType "team-tourn"]
[EventRounds "9"]
[EventCountry "SLO"]
[SourceTitle "EXT 2010"]
[Source "ChessBase"]
[SourceDate "2010.11.25"]
[SourceVersion "1"]
[SourceVersionDate "2010.11.25"]
[SourceQuality "1"]

1. b3 c5 2. Bb2 Nc6 3. Nf3 d5 4. e3 a6 5. h3 Bf5 6. d4 cxd4 7. Nxd4 Nxd4 8. Bxd4 Rc8 9. Bd3 Bxd3 10. Qxd3 Qc7 11. Nd2 Qxc2 12. Qxc2 Rxc2 13. e4 Nf6 14. exd5 Rc8 15. Bxf6 exf6 16. Nc4 Bb4+ 17. Ke2 0-0 18. Rac1 Rfe8+ 19. Ne3 Ba3 20. Rxc8 Rxc8 21. Rd1 Rd8 22. g4 g6 23. f4 b5 24. f5 Kf8 25. Nf1 Rc8 26. Ng3 Ke7 27. Ne4 Bb2 28. Kd3 Be5 29. h4 1/2-1/2

[Event "SLO-chT2 East"]
[Site "Brezice Maribor"]
[Date "2007.05.26"]
[Round "2"]
[White "Ipavic, Hubert"]
[Black "Lindner, Mihael"]
[Result "0-1"]
[WhiteElo "1940"]
[BlackElo "2082"]
[PlyCount "84"]
[EventDate "2007.05.26"]
[EventType "team-tourn"]
[EventRounds "9"]
[EventCountry "SLO"]
[SourceTitle "EXT 2010"]
[Source "ChessBase"]
[SourceDate "2010.11.25"]
[SourceVersion "1"]
[SourceVersionDate "2010.11.25"]
[SourceQuality "1"]

1. e4 e6 2. Nf3 d5 3. exd5 exd5 4. d4 Bf5 5. Be2 Bd6 6. Nc3 c6 7. Be3 Nf6 8. h3 Nbd7 9. Qd2 Ne4 10. Nxe4 dxe4 11. Ng1 Nf6 12. Bc4 a5 13. a3 b5 14. Bb3 b4 15. a4 Nd5 16. Ne2 Qc7 17. 0-0 Rc8 18. c4 bxc3 19. bxc3 Rb8 20. Rab1 0-0 21. Ba2 Be6 22. Rfc1 f5 23. Bxd5 Bxd5 24. Rxb8 Qxb8 25. c4 Bb4 26. Qa2 Bf7 27. Bf4 Qd8 28. Bd2 Bd6 29. Qb2 Bc7 30. Qb7 Qd7 31. Qa6 Bh5 32. Nf4 Be8 33. Ne2 f4 34. Bxa5 f3 35. Bxc7 Qxc7 36. Ng3 e3 37. c5 exf2+ 38. Kxf2 Qf4 39. Qc4+ Bf7 40. Qc3 fxg2+ 41. Kg1 Bd5 42. Kh2 g1Q+ 0-1

[Event "SLO-chT2 East"]
[Site "Velenje"]
[Date "2006.10.03"]
[Round "7"]
[White "Lindner, Mihael"]
[Black "Penko, Igor"]
[Result "1/2-1/2"]
[WhiteElo "2056"]
[BlackElo "2223"]
[PlyCount "37"]
[EventDate "2006.05.21"]
[EventType "team"]
[EventRounds "9"]
[EventCountry "SLO"]
[SourceTitle "EXT 2008"]
[Source "ChessBase"]
[SourceDate "2007.11.25"]
[SourceVersion "1"]
[SourceVersionDate "2007.11.25"]
[SourceQuality "1"]

1. e4 c5 2. Nf3 Nc6 3. c3 Nf6 4. e5 Nd5 5. d4 cxd4 6. cxd4 d6 7. Bc4 Nb6 8. Bb3 d5 9. Be3 Bg4 10. Nc3 e6 11. Rc1 Be7 12. Qe2 Rc8 13. h3 Bh5 14. 0-0 0-0 15. Na4 Nxa4 16. Bxa4 Qa5 17. Qb5 Qxb5 18. Bxb5 Nb8 19. Nd2 1/2-1/2

[Event "SLO-chT2 East"]
[Site "Velenje"]
[Date "2006.05.21"]
[Round "1"]
[White "Lindner, Mihael"]
[Black "Mitrovic, Boris"]
[Result "1/2-1/2"]
[WhiteElo "2056"]
[BlackElo "2024"]
[PlyCount "27"]
[EventDate "2006.05.21"]
[EventType "team"]
[EventRounds "9"]
[EventCountry "SLO"]
[SourceTitle "EXT 2008"]
[Source "ChessBase"]
[SourceDate "2007.11.25"]
[SourceVersion "1"]
[SourceVersionDate "2007.11.25"]
[SourceQuality "1"]

1. e4 e6 2. Nf3 d5 3. e5 c5 4. c3 Nc6 5. Bb5 Bd7 6. Bxc6 bxc6 7. 0-0 Ne7 8. a3 Ng6 9. b4 a5 10. bxc5 Bxc5 11. d4 Bb6 12. Be3 0-0 13. Nbd2 Qc7 14. Rc1 1/2-1/2

[Event "SLO-chT2 East"]
[Site "Velenje"]
[Date "2005.10.28"]
[Round "6"]
[White "Tomazic, Martin"]
[Black "Lindner, Mihael"]
[Result "0-1"]
[WhiteElo "1739"]
[BlackElo "2070"]
[PlyCount "82"]
[EventDate "2005.05.27"]
[EventType "team"]
[EventRounds "9"]
[EventCountry "SLO"]
[SourceTitle "EXT 2009"]
[Source "ChessBase"]
[SourceDate "2008.11.26"]
[SourceVersion "1"]
[SourceVersionDate "2008.11.26"]
[SourceQuality "1"]

1. e4 c5 2. c3 d5 3. exd5 Qxd5 4. d4 Bf5 5. Nf3 Nc6 6. Na3 cxd4 7. Nb5 0-0-0 8. cxd4 e5 9. Bd2 exd4 10. Rc1 Re8+ 11. Be3 Bb4+ 12. Nc3 Nf6 13. a3 dxc3 14. axb4 cxb2 15. b5 Qxd1+ 16. Rxd1 Nb4 17. Nd2 Bc2 18. Bc4 Bxd1 19. Kxd1 Rd8 20. Ke2 Rhe8 21. Rb1 Nbd5 22. Rxb2 Nxe3 23. fxe3 Ng4 24. Rb3 Ne5 25. Rc3 Nxc4 26. Nxc4 Kb8 27. b6 axb6 28. Rb3 Re6 29. Nxb6 Rc6 30. Na4 Rc2+ 31. Kf3 f5 32. h3 Rdd2 33. g4 fxg4+ 34. hxg4 Rf2+ 35. Kg3 Rg2+ 36. Kh3 Rg1 37. Nb6 Rc6 38. Kh4 Rh6+ 39. Kg5 Rg6+ 40. Kf5 R1xg4 41. Nd7+ Kc7 0-1

[Event "SLO-chT2 East"]
[Site "Velenje"]
[Date "2005.06.07"]
[Round "2"]
[White "Tolic, Mato"]
[Black "Lindner, Mihael"]
[Result "1-0"]
[WhiteElo "2043"]
[BlackElo "2070"]
[PlyCount "108"]
[EventDate "2005.05.27"]
[EventType "team"]
[EventRounds "9"]
[EventCountry "SLO"]
[SourceTitle "EXT 2009"]
[Source "ChessBase"]
[SourceDate "2008.11.26"]
[SourceVersion "1"]
[SourceVersionDate "2008.11.26"]
[SourceQuality "1"]

1. e4 e6 2. d4 c5 3. Nf3 cxd4 4. Nxd4 Nf6 5. Nc3 Bb4 6. Bd3 Nc6 7. Nde2 d5 8. exd5 Nxd5 9. Bd2 a6 10. 0-0 Nde7 11. Ng3 Ne5 12. Be2 b5 13. Qe1 N7c6 14. Rd1 Qb6 15. a3 Be7 16. Be3 Qc7 17. f4 Nd7 18. f5 Nf6 19. Qf2 Ne5 20. Bb6 Qb8 21. Bd4 Ned7 22. fxe6 fxe6 23. Qe3 e5 24. Nf5 Bf8 25. Bf3 Bb7 26. Bxb7 Qxb7 27. Bxe5 0-0-0 28. Bxf6 gxf6 29. Nd6+ Bxd6 30. Rxd6 Rhg8 31. Qe4 Rge8 32. Qxb7+ Kxb7 33. Nd5 Ne5 34. Rxd8 Rxd8 35. Nxf6 Rd2 36. Nxh7 Rxc2 37. Rb1 Ng4 38. h3 Ne3 39. g4 Ng2 40. Rf1 Rxb2 41. Rf2 Rxf2 42. Kxf2 Nh4 43. Kg3 Ng6 44. h4 a5 45. Nf6 Kc6 46. h5 Ne7 47. Kf4 b4 48. axb4 a4 49. Ne4 a3 50. Nc5 Nd5+ 51. Kg5 Nxb4 52. Nb3 Nd3 53. h6 Ne5 54. h7 Kd5 1-0

[Event "SLO-chT2 East"]
[Site "Velenje"]
[Date "2005.05.27"]
[Round "1"]
[White "Mazej, Jernej"]
[Black "Lindner, Mihael"]
[Result "1/2-1/2"]
[WhiteElo "2060"]
[BlackElo "2070"]
[PlyCount "41"]
[EventDate "2005.05.27"]
[EventType "team"]
[EventRounds "9"]
[EventCountry "SLO"]
[SourceTitle "EXT 2009"]
[Source "ChessBase"]
[SourceDate "2008.11.26"]
[SourceVersion "1"]
[SourceVersionDate "2008.11.26"]
[SourceQuality "1"]

1. d4 e6 2. Nf3 b6 3. e4 d5 4. e5 c5 5. c3 Nc6 6. Bd3 Be7 7. a3 f5 8. b4 c4 9. Bc2 h6 10. h4 a5 11. b5 Nb8 12. a4 Kd7 13. Bf4 Qf8 14. Nbd2 Bb7 15. Qe2 Ra7 16. 0-0-0 Bd8 17. Kb2 Ne7 18. g3 g6 19. Rh2 Ba8 20. Ng1 Rc7 21. Be3 1/2-1/2

[Event "SLO Cup final"]
[Site "Rogla"]
[Date "2002.06.08"]
[Round "3"]
[White "Lindner, Mihael"]
[Black "Mar, Karmen"]
[Result "0-1"]
[WhiteElo "2052"]
[BlackElo "1898"]
[PlyCount "114"]
[EventDate "2002.06.07"]
[EventType "swiss"]
[EventRounds "5"]
[EventCountry "SLO"]
[SourceTitle "EXT 2008"]
[Source "ChessBase"]
[SourceDate "2007.11.25"]
[SourceVersion "1"]
[SourceVersionDate "2007.11.25"]
[SourceQuality "1"]

1. e4 e5 2. Nf3 Nc6 3. Bc4 Nf6 4. Nc3 Nxe4 5. Bxf7+ Kxf7 6. Nxe4 h6 7. d4 exd4 8. Nxd4 Nxd4 9. Qxd4 d5 10. 0-0 Be7 11. Nc3 c6 12. Bf4 Bf6 13. Be5 Bxe5 14. Qxe5 Qf6 15. Qc7+ Qe7 16. Qxe7+ Kxe7 17. Rae1+ Kf7 18. Re5 Re8 19. Rfe1 Bd7 20. f4 Rxe5 21. Rxe5 Re8 22. Rxe8 Kxe8 23. Ne2 Ke7 24. c3 Kf6 25. Kf2 c5 26. Ke3 b6 27. h3 h5 28. Ng1 Bf5 29. a3 g6 30. g3 Kg7 31. b4 Kf6 32. Kf3 Be4+ 33. Kf2 Bf5 34. Ke3 Kg7 35. bxc5 bxc5 36. Nf3 Bxh3 37. Ne5 Bf5 38. Nc6 a6 39. Na5 Bc8 40. Nb3 c4 41. Nc5 Kf6 42. Kd4 Kf5 43. Kxd5 Kg4 44. Kxc4 Kxg3 45. Kd4 Kxf4 46. Nd3+ Kg3 47. Ke3 h4 48. Nf4 h3 49. Ne2+ Kg2 50. Nf4+ Kg1 51. Kf3 g5 52. Ne2+ Kf1 53. Ng3+ Ke1 54. c4 g4+ 55. Kf4 Kf2 56. c5 h2 57. c6 Kg2 0-1